| 000 | 00459nam a2200169Ia 4500 | ||
|---|---|---|---|
| 008 | 210210b1999 xxu||||| |||| 00| 0 eng d | ||
| 020 | _a81 250 0640 0 | ||
| 041 | _aeng | ||
| 082 | _a428 RAOP | ||
| 100 | _aRAO (Shanta Romeshwar). | ||
| 245 | _aPerceptions: a selection of modern english writing. | ||
| 260 |
_aHyderabad. _bOrient Longman Ltd., _c1999 |
||
| 300 | _a108 | ||
| 650 | _aEssays and composition | ||
| 690 | _aEnglish Usage | ||
| 906 | _a055663 | ||
| 999 |
_c103286 _d103286 |
||